000 00383pab a2200157 454500
008 180718b2012 xxu||||| |||| 00| 0 eng d
100 _aArvind Kumar
245 _aComplexities of the struggle for a post Hindu India. (Review article)
260 _c2012
300 _ap.17-22.
362 _a21 Apr
650 _aHinduism
773 _aMainstream
908 _aN
909 _a96437
999 _c96437
_d96437